Autores de gols do Botafogo em finais - Statistics

Estatísticas Gerais
  • Esse quiz foi jogado 30 vezes
  • A pontuação média é 7 de 24
Estatísticas das Respostas
Hint Resposta % Correto
Libertadores 2024 Luiz Henrique
90%
Libertadores 2024 Alex Telles
76%
Libertadores 2024 Junior Santos
76%
Supercopa 2025 Patrick de Paula
62%
Carioca 2018 Joel Carli
57%
Carioca 2010 Loco Abreu
57%
Carioca 2007 Dodô
43%
Carioca 2006 Dodô
43%
Carioca 2010 Herrera
24%
Carioca 2008 Lúcio Flávio
24%
Carioca 2007 Lúcio Flávio
24%
Carioca 2018 Brenner
19%
Carioca 2018 Renatinho
19%
Carioca 2016 Leandrinho
14%
Carioca 2013 Rafael Marques
14%
Carioca 2015 Diego Jardel
10%
Carioca 2009 Reinaldo
10%
Carioca 2012 Renato
10%
Carioca 2006 Zé Roberto
10%
Carioca 2009 Juninho
5%
Carioca 2007 Juninho
5%
Rio-São Paulo 2001 Donizete
0%
Rio-São Paulo 2001 Rodrigo Beckham
0%
Carioca 2009 Túlio Souza
0%
Nenhum quiz correspondente encontrado
Distribuição das Pontuações
Porcentagem de Pessoas com Cada Pontuação
Percentil de Números Respondidos
Sua Pontuação Histórica
Você não jogou esse quiz